|
|
|
|
| LEADER |
01070nam a2200229 a 4500 |
| 001 |
GR-MES14422 |
| 008 |
080515s2004 gr 000 0 gre d |
| 020 |
|
|
|a 9606300463
|
| 040 |
|
|
|a GrPaTEI
|b gre
|c GR-PaULI
|
| 040 |
|
|
|a GrPaTEI
|b gre
|c GR-PaULI
|
| 082 |
|
0 |
|a 332.632
|2 21
|
| 245 |
0 |
0 |
|a Τεχνική ανάλυση μετοχών και αμοιβαίων κεφαλαίων /
|c Δημητρίου Ν. Καραπιστόλη.
|
| 260 |
|
|
|a Θεσσαλονίκη :
|b [Δημήτριος Ν. Καραπιστόλης],
|c 2004
|
| 300 |
|
|
|a 160 σ. :
|b πίν., σχ. ;
|c 24 εκ.
|
| 650 |
|
4 |
|a Ανάλυση επενδύσεων
|
| 650 |
|
4 |
|a ΜΕΤΟΧΙΚΟ ΚΕΦΑΛΑΙΟ
|
| 650 |
|
4 |
|a Χρηματοοικονομική
|
| 700 |
1 |
|
|a Καραπιστόλης, Δημήτριος Ν.
|
| 942 |
|
|
|2 ddc
|
| 952 |
|
|
|0 0
|1 0
|2 ddc
|4 0
|6 332_632000000000000_ΚΑΡ
|7 0
|9 272471
|a MSLG
|b MSLG
|c BSC
|d 2021-01-17
|e 24
|f 0
|g 0.00
|l 0
|o 332.632 ΚΑΡ
|p 2420000023008
|r 2021-01-17 00:00:00
|t 1
|w 2021-01-17
|y BK15
|x 20080515 0 1
|x GrPaTEI
|
| 971 |
|
|
|a .b25804716
|b 16-04-20
|c 13-09-16
|
| 999 |
|
|
|c 157580
|d 157580
|